musique d'ATEEZ - Statistiques

Statistiques générales
  • Ce quiz a été pris 87 fois
  • Le résultat moyen est 34 sur 72
Statistiques - réponses
Album Réponse % Correct
Pirate King
90%
SPIN OFF : FROM THE WITNESS HALAZIA
86%
WONDERLAND
86%
Guerrilla
81%
Treasure
77%
Wave
77%
Treasure Epilogue : Action To Answer Answer
74%
Say My Name
74%
ZERO : FEVER Part.2 Fireworks (I'm The One)
73%
Treasure EP.2 : Zero to One HALA HALA
73%
THANXX
71%
Treasure EP.3 : One to All Utopia
71%
Cyberpunk
70%
Deja Vu
69%
INCEPTION
69%
WIN
69%
ZERO : FEVER Part.3 Eternal Sunshine
67%
The Real - Heung Version
67%
ZERO : FEVER EPILOGUE Turbulence
66%
ROCKY
64%
FEVER
60%
Illusion
60%
Promise
57%
Sector 1
57%
Aurora
56%
The Leaders
56%
Dancing Like Butterfly Wings
54%
MIST
53%
New World
53%
Precious
53%
Star 1117
53%
Horizon
51%
Desire
50%
THE WORLD EP.1 : MOVEMENT PROPAGANDA
50%
The Ring
50%
Twilight
50%
Celebrate
49%
Dazzling Light
49%
Take Me Home
47%
TO THE BEAT
47%
Be With You
46%
Sunrise
44%
THANK U
44%
Not Too Late
43%
My Way
41%
The Letter
41%
Good Lil Boy
40%
Light
40%
All About You
39%
WDIG (Where Do I Go)
39%
Stay
36%
Time Of Love
34%
WITH U
33%
Crescent
30%
Feeling Like I Do
30%
If Without You
30%
One Day At A Time
27%
Outro : Blue Bird
26%
ZERO : FEVER Part.1 Dear Diary : 2016.07.29
24%
Beginning of the End
23%
Treasure EP.FIN : All to Action End of the Beginning
23%
WONDERLAND (Symphony N°9 "From the Wonderland")
21%
Answer (Ode to Joy)
17%
Treasure EP.1 : All to Zero Intro : Long Journey
16%
Better - Korean Version
13%
Outro : Long Journey
13%
Outro : Over the Horizon
13%
Still Here - Korean Version
13%
Take Me Home - English Version
11%
WAVE (Overture)
11%
I'm The One - HEAT-TOPPING Version
9%
Precious (Ouverture)
6%
Aucun quiz correspondant
Distribution des résultats
% des personnes avec chaque résultat
Percentile par nombre de réponses
Votre historique - résultats
Vous n’avez pas pris ce quiz